000 00205 a2200097 4500
001 44079
100 _aBryant A
245 _aYears of victory 1802-1812
260 _a
_bCollins
_c
090 _c27825
_d27825
942 _aNUST-CAE
_cM
_c19808
999 _c279152
_d279152